Classic TV: 1967 listings Quiz Stats

Quiz not verified by Sporcle

Challenge
Share
Tweet
Embed
Score 0/36 Timer 13:00
0 Plays Today
Rank in ratings Series % Correct
1The Andy Griffith Show
95%
11Bewitched
91.1%
12The Beverly Hillbillies
89.9%
6Bonanza
89.5%
Bonus ⅸBatman
88.3%
16Green Acres
87.8%
Bonus ⅵI Dream of Jeannie
87.8%
Bonus ⅲGet Smart
87.3%
4Gunsmoke
86.6%
Bonus ⅱHogan's Heroes
86.1%
27The Carol Burnett Show
85.7%
30Lassie
85.3%
Bonus ⅹThe Flying Nun
85.1%
28Dragnet '67
84.4%
3Gomer Pyle, U.S.M.C.
81.9%
Bonus ⅶThe Monkees
80.6%
24My Three Sons
78.8%
21Rowan & Martin's Laugh-In
78.7%
Rank in ratings Series % Correct
26Ironside
78.7%
18The Smothers Brothers Comedy Hour
78.2%
13The Ed Sullivan Show
78%
2The Lucy Show
76.4%
Bonus ⅴLost In Space
75.8%
9The Jackie Gleason Show
72.9%
8The Dean Martin Show
72%
Bonus ⅷMission: Impossible
71.9%
5Family Affair
71.2%
29Daniel Boone
67.5%
17The Lawrence Welk Show
64%
7The Red Skelton Show
62.5%
25Walt Disney's Wonderful World of Color
60.3%
19Gentle Ben
54.1%
Bonus ⅰThe Wild Wild West
53.1%
22The F.B.I.
44.2%
14The Virginian
29.1%
Bonus ⅳHe & She
18.8%

You're not logged in!

Compare scores with friends on all Sporcle quizzes.
Join for Free
OR
Log In

You Might Also Like...

Show Comments

Extras

Top Quizzes Today


Score Distribution

Your Account Isn't Verified!

In order to create a playlist on Sporcle, you need to verify the email address you used during registration. Go to your Sporcle Settings to finish the process.

Report this User

Report this user for behavior that violates our Community Guidelines.

Details: